Normal view
MARC view
Entry Término temático
001 - NÚMERO DE CONTROL
- campo de control: 176106
003 - IDENTIFICADOR DEL NÚMERO DE CONTROL
- campo de control: OSt
005 - FECHA Y HORA DE LA ÚLTIMA TRANSACCIÓN
- campo de control: 20230316130444.0
008 - DATOS DE LONGITUD FIJA
- campo de control de longitud fija: 220601|| aca||aabn | a|a d
040 ## - FUENTE DE LA CATALOGACIÓN
- Centro catalogador/agencia de origen: mxchpua
- Centro/agencia transcriptor: OSt
150 ## - ENCABEZAMIENTO--TÉRMINO DE MATERIA
- Término de materia o nombre geográfico como elemento de entrada: Supervisión de procesos
670 ## - FUENTE DE DATOS ENCONTRADOS
- Cita de la fuente: Work cat.: (OSt)209527: Ramírez Nava, Sergio 94165, Supervisión de producción durante la elaboración de panqué y pan danés en una panificadora industrial / Sergio Ramírez Nava ; dirección Ma. Ofelia Buendía González ; asesoría Alejandra Velázquez Castillo y Patricia Pérez Herrera
